000 00522nam a2200181Ia 4500
005 20250326124716.0
008 250326s9999 xx 000 0 und d
037 _aTextbook
040 _aFMSL
_beng
_cFMSL
041 _aeng
_2eng
084 _aX:89A K4
_qFMSL
100 _aDooley A R
_9737805
245 0 _aWage administration and worker productivity
_cDooley A R; Mcgarrah R E And Others
260 _aNY
_bNY, John Wiley
_c1964
300 _a219p
942 _cTB
_hX:89A K4
999 _c1274851
_d1274851